00751 a2200217 4500020001800000050002200018100004200040245009500082264003800177300004400215336002600259337003100285338002700316504005000343650002000393650001800413650002000431700002800451700002300479700003100502 a9780123741769 aQP360.5bNEU 2OO9 aGlimcher, Paul W. [et al.]eeditor aNeuroeconomics : decision making and the brain /c edited by Paul W. Glimcher ... [et al.] aLondon :bAcademic Press, c2009 axiii, 538pages:bIllustrations coloured 2rdacontentatextbtxt 2rdamediatedaunmediatedbn 2rdacarrieravolumebnc aIncludes bibliographical references and index aNeuroeconomics  aEconomic man  aDecision making aColin F. Cameraeeditor aErnst Fehreeditor aRussell A Poldrackeeditor